Top 100 des plus grandes villes de Pologne - Statistiques

Statistiques générales
  • Ce quiz a été pris 50 fois
  • Le résultat moyen est 23 sur 100
Statistiques - réponses
Population Villes % Correct
1 864 679 Varsovie
97%
792 655 Cracovie
95%
477 276 Gdańsk
84%
665 259 Łódź
84%
280 313 Katowice
74%
541 782 Poznań
71%
671 206 Wrocław
71%
324 568 Lublin
63%
330 375 Bydgoszcz
55%
238 821 Gdynia
55%
391 404 Szczecin
53%
191 380 Toruń
53%
124 600 Opole
50%
282 306 Białystok
42%
207 969 Częstochowa
42%
195 119 Radom
39%
188 643 Rzeszów
39%
163 424 Olsztyn
37%
109 803 Elbląg
32%
169 750 Gliwice
32%
179 807 Kielce
32%
137 781 Zielona Góra
32%
102 570 Koszalin
29%
190 077 Sosnowiec
29%
154 375 Zabrze
29%
166 517 Bielsko-Biała
26%
149 166 Bytom
26%
98 777 Kalisz
26%
70 815 Lubin
26%
100 098 Tarnów
26%
83 116 Nowy Sącz
24%
111 762 Płock
24%
69 206 Suwałki
24%
102 505 Chorzów
21%
61 677 Ełk
21%
80 325 Jelenia Góra
21%
71 427 Konin
21%
62 946 Łomża
21%
122 025 Tychy
21%
117 561 Gorzów Wielkopolski
18%
46 716 Kołobrzeg
18%
60 628 Mielec
18%
131 461 Ruda Śląska
18%
100 673 Włocławek
18%
60 231 Chełm
16%
70 083 Gniezno
16%
92 420 Grudziądz
16%
70 713 Inowrocław
16%
97 647 Legnica
16%
62 200 Leszno
16%
64 988 Pabianice
16%
71 846 Piła
16%
74 905 Piotrków Trybunalski
16%
58 721 Przemyśl
16%
89 277 Słupsk
16%
59 025 Bełchatów
13%
56 498 Biała Podlaska
13%
65 400 Głogów
13%
61 237 Pruszków
13%
76 585 Siedlce
13%
58 545 Stalowa Wola
13%
47 816 Tarnobrzeg
13%
109 252 Wałbrzych
13%
49 505 Wejherowo
13%
114 570 Dąbrowa Górnicza
11%
87 448 Jastrzębie Zdrój
11%
46 934 Krosno
11%
47 557 Kutno
11%
53 205 Legionowo
11%
75 183 Mysłowice
11%
70 982 Ostrów Wielkopolski
11%
130 655 Rybnik
11%
47 031 Skierniewice
11%
67 293 Stargard
11%
49 762 Świętochłowice
11%
59 111 Tczew
11%
60 529 Tomaszów Mazowiecki
11%
54 974 Zgierz
11%
62 848 Żory
11%
55 183 Będzin
8%
89 350 Jaworzno
8%
58 899 Kędzierzyn-Koźle
8%
72 001 Ostrowiec Świętokrzyski
8%
47 660 Piaseczno
8%
54 226 Piekary Śląskie
8%
49 839 Puławy
8%
53 632 Racibórz
8%
44 700 Radomsko
8%
49 230 Rumia
8%
65 684 Siemianowice Śląskie
8%
48 690 Starogard Gdański
8%
61 842 Tarnowskie Góry
8%
49 334 Zawiercie
8%
46 112 Ciechanów
5%
44 692 Dębica
5%
44 635 Otwock
5%
47 987 Skarżysko-Kamienna
5%
57 761 Świdnica
5%
47 992 Wodzisław Śląski
5%
42 053 Mikołów
3%
Aucun quiz correspondant
Distribution des résultats
% des personnes avec chaque résultat
Percentile par nombre de réponses
Votre historique - résultats
Vous n’avez pas pris ce quiz